Statistical decision functions /

Guardado en:
Autor Principal: Wald, Abraham, 1902-1950.
Formato: Libro
Idioma:English
Publicado: New York : Wiley, c1950.
Series:Wiley publications in statistics. Mathematical statistics
Etiquetas: Agregar Etiqueta
Sin Etiquetas, Sea el primero en etiquetar este registro!
LEADER 00514nam a22001575a 4500
001 MAT.inmabb000537
008 031117s1950####xxu###########001#0#eng#d
005 20150706134945.0
245 1 0 |a Statistical decision functions /  |c Abraham Wald. 
260 |a New York :  |b Wiley,  |c c1950. 
300 |a ix, 179 p. ;  |c cm. 
440 0 |a Wiley publications in statistics.  |p Mathematical statistics 
510 4 |a MR,  |c 12,193f 
100 1 |a Wald, Abraham,  |d 1902-1950. 
084 |a 62Cxx (91A35)  |2 msc2000 
859 |h 62  |i W157d  |p A-313  |b BIB. MATEMATICA